Statistics for general knowledge quiz!

Click here to take the quiz!

General Stats

  • This quiz has been taken 5 times
  • The average score is 9 of 16

Answer Stats

HintAnswer% Correct
how many kids do i want2
100%
what color was my sophomore year hoco dressblue
100%
whats my favorite colorpink
100%
whats my favorite number16
75%
whats my favorite seasonsummer
75%
whats my birthday (format month day, year)april 11th, 2006
50%
where do i workcava
50%
whats my favorite countryeritrea
50%
what show am i watchinggrey's anatomy
50%
what was my first wordhorse
50%
whats my dogs namemimi
50%
whats my favorite songslow dancing in the dark
50%
intuition test: which gc family member am i thinking aboutalek
25%
childhood fav showblue's clues
25%
where did my name come fromthe blue lagoon
25%
fav bookthis is where it ends
25%

Score Distribution

Percentile by Number Answered

Percent of People with Each Score

Your Score History

You have not taken this quiz